Derecho de la mujer casada a los productos de su trabajo : (Registro nro. 27924)

Detalles MARC
000 -LEADER
campo de control de longitud fija 00683nam a2200193 i 4500
001 - NÚMERO DE CONTROL
campo de control 27924
003 - IDENTIFICADOR DE NÚMERO DE CONTROL
campo de control ES-MaACL
005 - FECHA Y HORA DE LA ÚLTIMA TRANSACCIÓN
campo de control 20230906153730.0
007 - CAMPO FIJO DE DESCRIPCIÓN FÍSICA--INFORMACIÓN GENERAL
campo de control de longitud fija t|
008 - DATOS DE LONGITUD FIJA--INFORMACIÓN GENERAL
campo de control de longitud fija 030115s1911 sp ||||1| spa d
100 1# - ENTRADA PRINCIPAL--NOMBRE DE PERSONA
Nombre de persona Bacariza Varela, Augusto.
9 (RLIN) 24441
245 10 - MENCIÓN DEL TÍTULO
Título Derecho de la mujer casada a los productos de su trabajo :
Resto del título tesis presentada para obtar al grado de doctor /
Mención de responsabilidad, etc. Augusto Bacariza Varela.
260 ## - PUBLICACIÓN, DISTRIBUCIÓN, ETC.
Lugar de publicación, distribución, etc. [Santiago :
Nombre del editor, distribuidor, etc. s.n.],
Fecha de publicación, distribución, etc. 1911 (
Fabricante Tip. de El Eco de Santiago)
300 ## - DESCRIPCIÓN FÍSICA
Extensión 79 p. ;
Dimensiones 21 cm.
502 ## - NOTA DE TESIS
Nota de tesis Tesis doctoral.
650 #4 - PUNTO DE ACCESO ADICIONAL DE MATERIA--TÉRMINO DE MATERIA
Término de materia o nombre geográfico como elemento de entrada Mujeres casadas-
Subdivisión general Finanzas personales.
9 (RLIN) 15326
650 #4 - PUNTO DE ACCESO ADICIONAL DE MATERIA--TÉRMINO DE MATERIA
Término de materia o nombre geográfico como elemento de entrada Mujeres casadas-
Subdivisión general Trabajo.
9 (RLIN) 174148
852 4# - LOCALIZACIÓN
Ubicación ES-MaACL
Número de control de estantería T-1310-F-5
Existencias
Estatus retirado Estado de pérdida Estado de daño No para préstamo Colección Biblioteca de origen Biblioteca actual Ubicación en estantería Fecha de adquisición Fuente de adquisición Total de préstamos Signatura topográfica completa Código de barras Visto por última vez Precio de reemplazo Tipo de ítem Koha
        Colección de folletos Biblioteca del Ateneo de Madrid Biblioteca del Ateneo de Madrid Depósito folletos 17/01/2008     T-1310-F-5 1028831 23/02/2023 23/02/2023 Folleto